Calvario / (Record no. 115072)
[ view plain ]
| 000 -LEADER | |
|---|---|
| campo de control de longitud fija | 00952nam a2200265 i 4500 |
| 001 - NÚMERO DE CONTROL | |
| campo de control | 115072 |
| 003 - IDENTIFICADOR DE NÚMERO DE CONTROL | |
| campo de control | ES-MaACL |
| 005 - FECHA Y HORA DE LA ÚLTIMA TRANSACCIÓN | |
| campo de control | 20251204131600.0 |
| 008 - DATOS DE LONGITUD FIJA--INFORMACIÓN GENERAL | |
| campo de control de longitud fija | 070221s1910 sp a |||| | spa d |
| 080 ## - NÚMERO DE LA CLASIFICACIÓN DECIMAL UNIVERSAL | |
| Número de la Clasificación Decimal Universal | 821.134.2-32"18" |
| 100 1# - ENTRADA PRINCIPAL--NOMBRE DE PERSONA | |
| Nombre de persona | Sawa, Alejandro, |
| Fechas asociadas al nombre | 1862-1909 |
| 9 (RLIN) | 104088 |
| 245 10 - MENCIÓN DEL TÍTULO | |
| Título | Calvario / |
| Mención de responsabilidad, etc. | por Alejandro Sawa ; ilustraciones de Palao. |
| 260 ## - PUBLICACIÓN, DISTRIBUCIÓN, ETC. | |
| Lugar de publicación, distribución, etc. | Madrid : |
| Nombre del editor, distribuidor, etc. | El Cuento Semanal, |
| Fecha de publicación, distribución, etc. | 1910. |
| 300 ## - DESCRIPCIÓN FÍSICA | |
| Extensión | [20] p. : |
| Otras características físicas | il. ; |
| Dimensiones | 26 cm. |
| 490 1# - MENCIÓN DE SERIE | |
| Mención de serie | El cuento semanal ; |
| Designación de volumen o secuencia | 187 |
| 530 ## - NOTA DISPONIBLE DE FORMULARIO FÍSICO ADICIONAL | |
| Nota de formato físico adicional disponible | Disponible en formato digital. |
| 594 ## - Nota al título y mención de responsabilidad | |
| Nota al título y mención de responsabilidad | Adaptación de: Jack, de Alphonse Daudet. |
| 599 ## - NOTA A LAS ILUSTRACIONES | |
| NOTA A LAS ILUSTRACIONES | Retr. del autor en cub. |
| 700 1# - ENTRADA AGREGADA--NOMBRE PERSONAL | |
| Nombre de persona | Daudet, Alphonse, |
| Fechas asociadas al nombre | 1840-1897 |
| 9 (RLIN) | 42799 |
| 830 03 - PUNTO DE ACCESO ADICIONAL DE SERIE-TÍTULO UNIFORME | |
| Título uniforme | El cuento semanal |
| Designación de volumen o secuencia | 187 |
| 9 (RLIN) | 185957 |
| 852 ## - LOCALIZACIÓN | |
| Ubicación | ES-MaACL |
| Número de control de estantería | G-4446(5) |
| Ubicación en estantería | Depósito 2 |
| 856 4# - LOCALIZACIÓN Y ACCESO ELECTRÓNICOS | |
| Identificador Uniforme de Recursos | <a href="https://bnedigital.bne.es/bd/es/viewer?id=e751d30c-f35a-4f11-bf3a-8de999b6acb4">https://bnedigital.bne.es/bd/es/viewer?id=e751d30c-f35a-4f11-bf3a-8de999b6acb4</a> |
| Texto de enlace | (Biblioteca Digital Hispánica) |
| 942 ## - ELEMENTOS DE ENTRADA SECUNDARIOS (KOHA) | |
| Fuente del sistema de clasificación o colocación | Clasificación decimal universal |
| Estatus retirado | Estado de pérdida | Estado de daño | No para préstamo | Colección | Biblioteca de origen | Biblioteca actual | Ubicación en estantería | Fecha de adquisición | Fuente de adquisición | Total de préstamos | Signatura topográfica completa | Código de barras | Visto por última vez | Precio de reemplazo | Tipo de ítem Koha |
|---|---|---|---|---|---|---|---|---|---|---|---|---|---|---|---|
| Colección digital | Biblioteca del Ateneo de Madrid | Biblioteca del Ateneo de Madrid | Depósito 2 | 17/01/2008 | G-4446(5) | 1119993 | 23/02/2023 | 23/02/2023 | Libro impreso |
